Biological stains
Đã lưu trong:
| Tác giả chính: | |
|---|---|
| Định dạng: | Sách |
| Ngôn ngữ: | Tiếng Anh |
| Được phát hành: |
Baltimore
The Williams & Wilkins
1961
|
| Phiên bản: | Séptima edición |
| Những chủ đề: | |
| Các nhãn: |
Thêm thẻ
Không có thẻ, Là người đầu tiên thẻ bản ghi này!
|
MARC
| LEADER | 00000nam a2200000 a 4500 | ||
|---|---|---|---|
| 001 | UCT3399 | ||
| 003 | CL-VaPUC | ||
| 005 | 20210909074856.0 | ||
| 008 | 961024e19610000US |||||||||||||||||eng|d | ||
| 999 | |c 253065 |d 253063 | ||
| 040 | |c Pontificia Universidad Católica de Valparaíso | ||
| 082 | 0 | 4 | |a 581.104 CON 1961 |2 21 |
| 100 | 0 | |a Conn, H. J |9 372329 | |
| 245 | 1 | 0 | |a Biological stains |
| 250 | |a Séptima edición | ||
| 260 | |a Baltimore |b The Williams & Wilkins |c 1961 | ||
| 300 | |a 355 páginas | ||
| 583 | |a last modification |c 19961024 00:00:00 |k Rodrigo Vera | ||
| 650 | 0 | |a Botánica |9 264202 | |
| 650 | 0 | |a Plantas |9 264555 | |
| 650 | 0 | |a Fisiología vegetal |9 260158 | |
| 650 | 7 | |a PIGMENTACION |2 CL-VaPUC |9 354486 | |
| 650 | 7 | |a PIGMENTOS |2 CL-VaPUC |9 372330 | |
| 942 | |c BK |2 ddc | ||
| 945 | |d 19961024 00:00:00 |a cmena | ||
| 952 | |0 0 |1 0 |2 ddc |4 0 |6 581_104000000000000_CON_1961 |7 0 |8 A |9 273511 |a BIBCUR |b BIBCUR |d 2019-11-19 |i 177204K |o 581.104 CON 1961 |p 177204K |r 2025-04-22 |t 1 |w 2019-11-19 |y BK |k BIO | ||